1449 1533 1374 1346 1358 1900 1978 1753 1650 1872 1151 1381 1045 1615 1802 1216 1996 1341 1149 1120 1572 1060 1412 1408 1185 1168 1056 1415 1714 1385 1188 1766 1351 1552 1796 1008 1694 1918 1882 1167 1604 1403 1886 1764 1848 1115 1751 1219 1989 1602 1444 1151 1678 1244 1393 1627 1748 1659 1849 1233 1571 1732 1229 1422 1723 1001 1634 1305 1221 1873 1962 1612 1530 1342 1693 1074 1924 1585 1757 1371 1031 1647 1526 1978 1501 1362 1349 1171 1246 1257 1088 1203 1137 1165 1796 1374 1911 1494 1973 BCNSPRNW ULIB Ver.6.0+V

เปลี่ยนเป็นภาษาไทย

Change to English
 แสดงรายละเอียดบรรณานุกรม
  กลับหน้าหลัก

Brief Record : Get Marc (ISO 2709) : E-mail record : QR code < ปิดหน้าต่าง
LEADER : 00000nam 2200000uu 4500
001    13399110612
003     ULIB
008    110606s2551||||th 000 0 tha d
020    9789749901298
060 04 WR100^bพ718ย 2551
100 0  พิมพ์มาดา
245 10 ยุทธการเปลี่ยนผิวให้ขาวใส /^cพิมพ์มาดา
250    พิมพ์ครั้งที่ 1
260    กรุงเทพฯ :^bบุ๊คส์ ทู ยู,^c2551
300    21 หน้า :^bภาพประกอบ ;^c21 ซม.
650  7 ผิวหนัง^xการดูแลและสุขวิทยา
650  7 ใบหน้า^xการดูแลและสุขวิทยา
650  7 ความงาม
945    ^p140^l0^i024997
945    ^p140^l0^i024996
995    ทศพร
999 ^a ใช้งานได้ทุกระบบ
รายการนี้ยังไม่มีแท็ก
คุณยังไม่ได้ล็อกอิน คุณสามารถมีกิจกรรมร่วมกับเว็บไซต์ได้ แต่ต้องล็อกอินก่อน ::
  ล็อกอิน

รายการสื่อสารสนเทศ

ลำดับที่ ประเภท เลขเรียก/บาร์โค้ด สถานที่ สถานะ
- ไม่พบข้อมูล -

รายการใกล้เคียง
    ผู้แต่ง [พิมพ์มาดา]

    หัวเรื่อง [ความงาม]

BibComment


ยังไม่เคยถูกคอมเมนท์

คอมเมนท์ทรัพยากรรายการนี้
  คอมเมนท์: ยุทธการเปลี่ยนผิว..


 Copyright 2026. Bcnsprnw @Library